[Event "Women's Speed Chess Q7"]
[Site "chess.com INT"]
[Date "2021.06.06"]
[Round "6"]
[White "Antolak, Julia"]
[Black "Sliwicka, Alicja"]
[Result "0-1"]
[WhiteTitle "WIM"]
[BlackTitle "WIM"]
[WhiteElo "2309"]
[BlackElo "2308"]
[WhiteFideId "1159569"]
[BlackFideId "1150677"]
[EventDate "2021.06.06"]

1. e4 c5 2. Nf3 d6 3. g3 g6 4. Bg2 Bg7 5. O-O e5 6. c3 Nc6 7. Na3 Nge7 8. Nc2
O-O 9. d4 cxd4 10. cxd4 f5 11. exf5 gxf5 12. Bg5 e4 13. Nh4 h6 14. Be3 d5 15. f3
Be6 16. fxe4 dxe4 17. Kh1 Nd5 18. Bg1 Ncb4 19. Ng6 Re8 20. Nxb4 Nxb4 21. Nf4 Qd7
22. a3 Nd5 23. Qh5 Bf7 24. Qe2 Rad8 25. Rad1 Nxf4 26. Rxf4 Bd5 27. Qf1 Rf8 28.
Be3 Kh7 29. Bh3 Be6 30. d5 Qa4 31. Rd2 Bc8 32. Bxf5+ Bxf5 33. Rxf5 Qd7 34. Rxf8
Rxf8 35. Qg2 Qf5 36. h3 Be5 37. Kh2 Rg8 38. Bf2 e3 39. Bxe3 Rxg3 40. Qxg3 Bxg3+
41. Kxg3 Qe5+ 42. Kf2 Qd6 43. Kf3 Kg6 44. Bf4 Qd7 45. d6 Kf5 46. Rd5+ Ke6 47.
Rh5 Qc6+ 48. Kg3 Kf7 49. Rxh6 Kg7 50. Kg4 Qd7+ 51. Kg3 Qc6 52. h4 Qd7 53. h5 b5
54. Rg6+ Kh7 55. Rg5 a6 56. h6 Qe6 57. Rg7+ Kh8 58. Re7 Qd5 59. h7 Qd3+ 60. Kg4
Qg6+ 61. Bg5 a5 62. Kf4 b4 63. Rd7 Qe6 0-1

[Event "Women's Speed Chess Q7"]
[Site "chess.com INT"]
[Date "2021.06.06"]
[Round "6"]
[White "Varshini, V"]
[Black "Mohota, Nisha"]
[Result "1/2-1/2"]
[WhiteTitle "WGM"]
[BlackTitle "IM"]
[WhiteElo "2226"]
[BlackElo "2195"]
[WhiteFideId "5091241"]
[BlackFideId "5004330"]
[EventDate "2021.06.06"]

1. e4 Nf6 2. e5 Nd5 3. c4 Nb6 4. d4 d6 5. exd6 cxd6 6. Nf3 g6 7. Be2 Bg7 8. O-O
O-O 9. Nbd2 Nc6 10. Nb3 e5 11. c5 dxc5 12. dxe5 Nxe5 13. Nxe5 Bxe5 14. Qxd8 Rxd8
15. Nxc5 Bd4 16. Nb3 Bf6 17. Bf3 Re8 18. h3 Rb8 19. Rd1 Be6 20. Bf4 Rbd8 21.
Bxb7 Bxb2 22. Rab1 Bf6 23. Bf3 Bd5 24. Bg4 Bxb3 25. axb3 Nd5 26. Bg3 Nc3 27.
Rxd8 Rxd8 28. Rc1 Ne4 29. Kf1 Nd2+ 30. Ke2 Nxb3 31. Rb1 Nd4+ 32. Kf1 Kg7 33. Rb7
a5 34. Ra7 Nb3 35. Rb7 a4 36. Ra7 Rd4 37. Bc7 Nc5 38. Bb6 Rc4 39. Bxc5 Rxc5 40.
Rxa4 Rc1+ 41. Ke2 Rc7 42. Kf1 Re7 43. Kg1 Re1+ 44. Kh2 Be5+ 45. g3 Rf1 46. Kg2
Rc1 47. Re4 Bf6 48. Re2 Rc7 49. Re3 Ra7 50. Rd3 Rb7 51. Bf3 Ra7 52. Rb3 Rc7 53.
Rb7 Rxb7 54. Bxb7 Bd4 55. Be4 f5 56. Bf3 Kf6 57. Be2 Ke5 58. Bf1 Bc5 59. Be2 Bb6
60. Bf1 Ba7 61. Bc4 Bb6 62. Bg8 h6 63. Bf7 g5 64. Be8 Bc5 65. Bb5 Bd4 66. Bc4
Bc5 67. Ba6 Bd4 68. Bb5 Bc5 69. Bc6 Bb6 70. Bb7 Bc5 71. Ba8 Bb6 72. Bb7 Bc5 73.
Ba8 Bb6 1/2-1/2

[Event "Women's Speed Chess Q7"]
[Site "chess.com INT"]
[Date "2021.06.06"]
[Round "6"]
[White "Tarasova, Viktoriya"]
[Black "Pourkashiyan, Atousa"]
[Result "1-0"]
[WhiteTitle "WIM"]
[BlackTitle "WGM"]
[WhiteElo "2226"]
[BlackElo "2322"]
[WhiteFideId "4175840"]
[BlackFideId "12502014"]
[EventDate "2021.06.06"]

1. d4 Nf6 2. c4 e6 3. Nc3 Bb4 4. Qc2 O-O 5. Nf3 c5 6. dxc5 Na6 7. g3 Nxc5 8. Bg2
d5 9. cxd5 Nxd5 10. O-O Nxc3 11. bxc3 Ba5 12. Rd1 Qe8 13. Ba3 Bb6 14. Ne5 f6 15.
Nc4 Bd7 16. Nd6 Qh5 17. Bxc5 Qxc5 18. e3 Bc6 19. Bxc6 Qxc6 20. Qe4 Rad8 21. Qxc6
bxc6 22. Nc4 Bc5 23. Kf1 Kf7 24. Ke2 Ke7 25. Rab1 Rb8 26. a4 h5 27. Kd2 g5 28.
Kc2 h4 29. Rxb8 Rxb8 30. Rb1 Rh8 31. g4 Kd7 32. h3 Kc7 33. Rd1 f5 34. Rg1 Rf8
35. gxf5 Rxf5 36. Rg2 Rf3 37. Rxg5 Rxh3 38. Rxc5 Rf3 39. Rh5 Rxf2+ 40. Kd3 Rh2
41. Rh7+ Kb8 42. Ne5 h3 43. Nxc6+ Kc8 44. Nxa7+ Kd8 45. Nc6+ Ke8 46. a5 Rh1 47.
a6 h2 48. Ke4 Ra1 49. Rxh2 Rxa6 50. Nd4 Kf7 51. Rh7+ Kg6 52. Re7 Kf6 53. Rc7 Ra1
54. Rc6 Rh1 55. Rxe6+ Kf7 56. Re5 Rh4+ 57. Kd3 Rh1 58. Re4 Rd1+ 59. Kc4 Ra1 60.
Rf4+ Ke7 61. Kd3 Kd6 62. Ke4 Rc1 63. Rf6+ Ke7 64. Re6+ Kd7 65. Rc6 Rd1 66. Rc4
Rc1 67. Rc5 Kd6 68. Rc6+ Kd7 69. c4 Rc3 70. Rc5 Kd6 71. Rd5+ Ke7 72. c5 Rc1 73.
c6 Ke8 74. Rd6 Ke7 75. Kd5 Ra1 76. Nf5+ Ke8 77. Ke6 Rh1 78. c7 Rc1 79. Rd7 Rc6+
80. Nd6+ Kf8 81. c8=Q+ Rxc8 82. Nxc8 Ke8 83. Nd6+ Kf8 84. e4 Kg8 85. e5 Kf8 86.
Re7 Kg8 87. Kd7 Kh8 88. e6 Kg8 89. Rf7 Kh8 90. e7 Kg8 91. e8=Q# 1-0

[Event "Women's Speed Chess Q7"]
[Site "chess.com INT"]
[Date "2021.06.06"]
[Round "6"]
[White "Jakubowska, Anna"]
[Black "Kazarian, Anna-Maja"]
[Result "1-0"]
[WhiteTitle "WIM"]
[BlackTitle "FM"]
[WhiteElo "2073"]
[BlackElo "2096"]
[WhiteFideId "1121952"]
[BlackFideId "1033689"]
[EventDate "2021.06.06"]

1. e4 e6 2. d4 d5 3. Nd2 Nf6 4. e5 Nfd7 5. Bd3 c5 6. c3 Nc6 7. Ne2 cxd4 8. cxd4
f6 9. exf6 Qxf6 10. O-O Bd6 11. Nf3 h6 12. Be3 O-O 13. Rc1 Rd8 14. Bb1 Nf8 15.
Ng3 Bd7 16. Re1 Be8 17. Qd2 Bb4 18. Qd1 Bxe1 19. Nxe1 Bg6 20. Bxg6 Nxg6 21. Nf3
Nf4 22. Qd2 Rf8 23. Re1 Rae8 24. a3 Nxg2 25. Kxg2 Qxf3+ 26. Kg1 e5 27. dxe5 Nxe5
28. Bc5 Rf4 29. Re3 Qg4 30. Qxd5+ Qe6 31. Rxe5 Qxd5 32. Rxd5 Re1+ 33. Kg2 Rb1
34. Bd4 Rf7 35. Bc3 a6 36. Ne4 Rc1 37. Rd8+ Kh7 38. Nd6 Rc7 39. Nf5 Kg6 40. Ne3
b5 41. Rd6+ Kg5 42. Rxa6 h5 43. f4+ Kh4 44. Rg6 Rf7 45. Kf3 Rh1 46. Rg5 Rxh2 47.
Nf5+ Rxf5 48. Rxf5 Rh3+ 49. Kg2 Rg3+ 50. Kh2 Rf3 51. Bxg7 Rf2+ 52. Kg1 Rc2 53.
Rxb5 Kg3 54. Rb3+ Kxf4 55. Bh6+ Kg4 56. a4 h4 57. Bf8 h3 58. Bd6 Rd2 59. Rb6 Rc2
60. a5 Kf3 61. Rb3+ Kg4 62. Rb4+ Kf3 63. Rb3+ Kg4 64. Rg3+ Kh4 65. Rf3 Rxb2 66.
Rf1 Ra2 67. Be7+ Kg4 68. Bd8 Kg3 69. Bc7+ Kg4 70. Re1 Kh4 71. Rd1 Kg4 72. Rc1
Kh4 73. Rc4+ Kg5 74. Rc6 Kg4 75. a6 Kf3 76. Rf6+ Kg4 77. Bb8 Ra1+ 78. Kf2 Ra2+
79. Ke3 h2 80. Bxh2 Rxh2 81. a7 Ra2 82. Rf7 Kg5 83. Kd4 Kg6 84. Rc7 Kf6 85. Kc5
Ke6 86. Rc8 Kd7 87. Rh8 Rc2+ 88. Kb4 Rb2+ 89. Kc3 1-0

[Event "Women's Speed Chess Q7"]
[Site "chess.com INT"]
[Date "2021.06.06"]
[Round "6"]
[White "Avramidou, Anastasia"]
[Black "Ambartsumova, Karina"]
[Result "1/2-1/2"]
[WhiteTitle "FM"]
[BlackTitle "IM"]
[WhiteElo "2238"]
[BlackElo "2382"]
[WhiteFideId "4239873"]
[BlackFideId "4166299"]
[EventDate "2021.06.06"]

1. d4 Nf6 2. c4 e6 3. Nc3 d5 4. cxd5 exd5 5. Bg5 c6 6. e3 Be7 7. Bd3 Nbd7 8. Nf3
h6 9. Qc2 hxg5 10. Nxg5 Nf8 11. Nf3 Be6 12. h3 N8d7 13. O-O-O Qc7 14. Ng5 Nf8
15. f4 Bd7 16. Kb1 Ne6 17. Nf3 O-O-O 18. Ne5 Be8 19. g4 Kb8 20. Rc1 Rc8 21. Qg2
Qd8 22. g5 Nd7 23. Nf3 Nb6 24. f5 Nxg5 25. Ne5 f6 26. Ng4 Bd6 27. h4 Nf7 28. e4
dxe4 29. Nxe4 Bc7 30. Rhd1 Bd7 31. Nc5 Nd5 32. Be4 Re8 33. Bxd5 cxd5 34. Ka1
Bxf5 35. Nf2 Be4 36. Nfxe4 dxe4 37. d5 Nd6 38. Ne6 Qd7 39. h5 Rh8 40. Qg6 Rh6
41. Qg4 Rch8 42. Rxc7 Qb5 43. Qxg7 Rxh5 44. Nc5 Rh2 45. Rb1 Rxb2 46. Qxh8+ Kxc7
47. Rxb2 Qxc5 48. Qh7+ Kc8 49. Kb1 Qg1+ 50. Kc2 Qf2+ 51. Kb3 Qb6+ 52. Kc2 Qf2+
53. Kb1 Qe1+ 54. Kc2 Qe2+ 55. Kb3 Qd3+ 56. Ka4 Qc4+ 57. Ka3 Nb5+ 58. Rxb5 Qxb5
59. Qg8+ Kc7 60. Qe6 Qc5+ 61. Kb3 Qb5+ 62. Kc2 Qd3+ 63. Kb2 e3 64. Qe7+ Kb6 65.
d6 e2 66. d7 Qd2+ 67. Kb3 e1=Q 68. d8=Q+ Qxd8 69. Qxd8+ Kc6 70. Qxf6+ Kc7 71.
Qf7+ Kd6 72. Qf6+ Qe6+ 73. Qxe6+ Kxe6 74. Kb4 Kd6 75. Kb5 Kc7 76. a4 a6+ 77. Kc5
b6+ 78. Kb4 Kd6 79. Kc4 Kc6 80. Kd4 Kd6 81. Kc4 Kc6 82. Kd4 Kd7 83. Kd5 Kc7 84.
Kd4 Kc6 85. Kc4 Kd6 86. Kd4 Ke6 87. Ke4 Kd6 88. Kd4 Kc6 89. Kc4 Kb7 90. Kb4 Kc7
91. Kc3 Kd6 92. Kd4 1/2-1/2

[Event "Women's Speed Chess Q7"]
[Site "chess.com INT"]
[Date "2021.06.06"]
[Round "6"]
[White "Nguyen, Hong Ngoc"]
[Black "Dordzhieva, Dinara"]
[Result "0-1"]
[WhiteTitle "WCM"]
[BlackTitle "WGM"]
[WhiteElo "1957"]
[BlackElo "2311"]
[WhiteFideId "12403083"]
[BlackFideId "24157570"]
[EventDate "2021.06.06"]

1. e4 c6 2. Nc3 d5 3. d3 g6 4. g3 Bg7 5. Bg2 Nf6 6. Nge2 e5 7. exd5 cxd5 8. Bg5
Be6 9. O-O h6 10. Bxf6 Bxf6 11. d4 e4 12. Nf4 Nc6 13. Nxe6 fxe6 14. Qg4 Kf7 15.
f3 Bxd4+ 16. Kh1 e3 17. Ne2 Bf6 18. c3 Qd6 19. f4 Qc5 20. Qf3 Kg7 21. Rad1 Rad8
22. Rd3 d4 23. cxd4 Qb6 24. Qxe3 Rhe8 25. Rb3 Qc7 26. Rd1 h5 27. Qc3 Kh6 28. Qc1
Qd7 29. f5+ g5 30. fxe6 Rxe6 31. Ng1 Nxd4 32. Rbd3 Qe7 33. Nf3 Nxf3 34. Rxd8 Ne1
35. R8d2 Nxg2 36. Rxg2 Re3 37. Rf1 Bd4 38. b3 Qe4 39. Qc2 Qd5 40. Qc7 Qe6 41.
Qc2 Qd5 42. Qd2 Qe5 43. Rd1 Bc5 44. Rf1 b6 45. Rgf2 Qe4+ 46. Rg2 a5 47. Qf2 Qe5
48. Qf6+ Qxf6 49. Rxf6+ Kg7 50. Rf1 Re4 51. h3 Re3 52. Kh2 Bd6 53. Rgf2 h4 54.
Kg2 Rxg3+ 55. Kh1 Rxh3+ 56. Kg2 Rg3+ 57. Kh1 Rd3 58. Rf7+ Kg6 59. R7f6+ Kh5 60.
Rf7 h3 61. Rh7+ Kg4 62. Rg1+ Kf5 63. Rf7+ Kg6 64. Rf2 Be5 65. Rgf1 Bd4 66. Re2
Rg3 67. Re6+ Kh5 68. Re2 Rd3 69. Re6 Bc5 70. Rf7 Kg4 71. Re5 Rd1+ 72. Kh2 Bd6
73. Rf5 Bxe5+ 74. Rxe5 Rd2+ 75. Kg1 Kf4 76. Re8 g4 77. Rf8+ Kg3 78. Kf1 Rd1+ 79.
Ke2 Ra1 80. Kd3 h2 81. Rf6 h1=Q 82. Rxb6 Qd1+ 83. Kc3 Rxa2 84. Kc4 Qc2+ 85. Kb5
Qd3+ 86. Kc6 Qc3+ 87. Kb7 Rd2 88. Ka6 Rd7 89. b4 Qd3+ 90. b5 a4 91. Rg6 Qxg6+
92. Ka5 Rb7 93. b6 Qb1 94. Kxa4 Rxb6 95. Ka5 Qb5# 0-1

[Event "Women's Speed Chess Q7"]
[Site "chess.com INT"]
[Date "2021.06.06"]
[Round "7"]
[White "Nurmanova, Alua"]
[Black "Zakirova, Aisha"]
[Result "1-0"]
[WhiteTitle "WFM"]
[BlackTitle "WCM"]
[WhiteElo "2093"]
[BlackElo "1585"]
[WhiteFideId "13729390"]
[BlackFideId "13719734"]
[EventDate "2021.06.06"]

1. e4 c5 2. Nf3 d6 3. d4 cxd4 4. Nxd4 Nf6 5. Nc3 Nc6 6. Bg5 e6 7. Qd2 a6 8.
O-O-O Bd7 9. f4 h6 10. Bh4 g5 11. fxg5 Ng4 12. h3 Nge5 13. Nf3 Nxf3 14. gxf3
hxg5 15. Bxg5 Qxg5 16. Qxg5 Bh6 17. Qxh6 Rxh6 18. Rxd6 Ke7 19. Rd1 Rg8 20. f4
Rg3 21. e5 Rf3 22. Ne4 Rxf4 23. Nf6 Nxe5 24. Ng8+ Ke8 25. Nxh6 1-0

[Event "Women's Speed Chess Q7"]
[Site "chess.com INT"]
[Date "2021.06.06"]
[Round "7"]
[White "Fominykh, Maria"]
[Black "Bivol, Alina"]
[Result "0-1"]
[WhiteTitle "WGM"]
[BlackTitle "WGM"]
[WhiteElo "2206"]
[BlackElo "2374"]
[WhiteFideId "4142411"]
[BlackFideId "4100123"]
[EventDate "2021.06.06"]

1. d4 Nf6 2. c4 c5 3. d5 g6 4. Nc3 d6 5. e4 Bg7 6. Nf3 O-O 7. Be2 e6 8. O-O exd5
9. cxd5 Bg4 10. h3 Bxf3 11. Bxf3 Nbd7 12. Be2 Re8 13. Qc2 a6 14. a4 h6 15. Bf4
Ne5 16. Kh1 Nfd7 17. Rab1 Rc8 18. Bh2 c4 19. f4 Nd3 20. Bxd3 cxd3 21. Qxd3 Nc5
22. Qf3 Bxc3 23. bxc3 Nxe4 24. Rb2 Rxc3 25. Qg4 Qf6 26. Rxb7 Rc1 27. Kg1 Qd4+ 0-1

[Event "Women's Speed Chess Q7"]
[Site "chess.com INT"]
[Date "2021.06.06"]
[Round "7"]
[White "Ortez, Andrea"]
[Black "Vine, Elzbieta"]
[Result "1-0"]
[WhiteTitle "WIM"]
[BlackTitle "WFM"]
[WhiteElo "1969"]
[BlackElo "2138"]
[WhiteFideId "6702392"]
[BlackFideId "1119320"]
[EventDate "2021.06.06"]

1. e4 c5 2. c3 d5 3. exd5 Qxd5 4. d4 e5 5. Nf3 e4 6. Ne5 Nf6 7. Bc4 Qd6 8. Nxf7
Qe7 9. Nxh8 e3 10. Bxe3 Ng4 11. O-O Qh4 12. h3 Nf6 13. Qf3 Nc6 14. Nf7 Bd7 15.
Ne5 O-O-O 16. Nxd7 Nxd7 17. Be6 Bd6 18. dxc5 Bc7 19. b4 Ne5 20. Bxd7+ 1-0

[Event "Women's Speed Chess Q7"]
[Site "chess.com INT"]
[Date "2021.06.06"]
[Round "7"]
[White "Bommini, Mounika Akshaya"]
[Black "Zawadzka, Jolanta"]
[Result "0-1"]
[WhiteTitle "WFM"]
[BlackTitle "WGM"]
[WhiteElo "2029"]
[BlackElo "2403"]
[WhiteFideId "25019872"]
[BlackFideId "1122320"]
[EventDate "2021.06.06"]

1. e4 c5 2. Nc3 Nc6 3. g3 e6 4. Bg2 g6 5. d3 Bg7 6. Be3 d6 7. Qd2 Rb8 8. Nf3 b5
9. O-O Nd4 10. Nd1 b4 11. c3 bxc3 12. bxc3 Nxf3+ 13. Bxf3 Ne7 14. Bh6 O-O 15.
Bxg7 Kxg7 16. Bg2 Qa5 17. f4 Rd8 18. Ne3 Ba6 19. f5 exf5 20. exf5 Ng8 21. Nd5
Bb7 22. fxg6 hxg6 23. Qf4 Bxd5 24. Bxd5 f5 25. c4 Nf6 26. Rae1 Re8 27. Qg5 Rxe1
28. Rxe1 Qxe1+ 29. Kg2 Rb2+ 30. Kh3 Qf1+ 0-1

[Event "Women's Speed Chess Q7"]
[Site "chess.com INT"]
[Date "2021.06.06"]
[Round "7"]
[White "Kotepalli, Sai Nirupama"]
[Black "Potapova, Margarita"]
[Result "0-1"]
[WhiteTitle "WFM"]
[BlackTitle "WIM"]
[WhiteElo "1914"]
[BlackElo "2260"]
[WhiteFideId "5039444"]
[BlackFideId "14126869"]
[EventDate "2021.06.06"]

1. e4 c5 2. d3 d6 3. Nf3 g6 4. g3 Bg7 5. Bg2 Nc6 6. O-O Nf6 7. c3 O-O 8. Qe2 e5
9. h3 Be6 10. a3 a5 11. a4 Qe7 12. Na3 Nd7 13. Nh4 Nb6 14. Nb5 Na7 15. Nxa7 Rxa7
16. Qc2 Raa8 17. Be3 f5 18. exf5 gxf5 19. f4 Nd5 20. Bxd5 Bxd5 21. fxe5 Qxe5 22.
Bf4 Qf6 23. Rae1 Rae8 24. Be3 Rxe3 25. Rxe3 Qg5 26. Qd2 Bh6 27. Rfe1 f4 28. Re7
Qxg3+ 29. Ng2 f3 0-1

[Event "Women's Speed Chess Q7"]
[Site "chess.com INT"]
[Date "2021.06.06"]
[Round "7"]
[White "Golubenko, Valentina"]
[Black "Von Herman, Brigitte"]
[Result "1-0"]
[WhiteTitle "WGM"]
[BlackTitle "WFM"]
[WhiteElo "2209"]
[BlackElo "1991"]
[WhiteFideId "4501993"]
[BlackFideId "4628730"]
[EventDate "2021.06.06"]

1. d4 d5 2. Nf3 Nc6 3. g3 Bg4 4. Bg2 Nf6 5. O-O e6 6. h3 Bh5 7. c4 Be7 8. Nc3
O-O 9. cxd5 Nxd5 10. e4 Nxc3 11. bxc3 Rb8 12. Bf4 Bg6 13. Qe2 h6 14. Rfd1 Re8
15. d5 exd5 16. exd5 Na5 17. Qb5 b6 18. Ne5 Bd6 19. Nxg6 fxg6 20. Be3 Qf6 21.
Bd4 Be5 22. Re1 Bxd4 23. Rxe8+ Rxe8 24. Qxe8+ Kh7 25. cxd4 Qxd4 26. Re1 Nc4 27.
Be4 Qf6 28. Bd3 Nd6 29. Qe6 Qd4 30. Qxg6+ 1-0

[Event "Women's Speed Chess Q7"]
[Site "chess.com INT"]
[Date "2021.06.06"]
[Round "7"]
[White "Cyfka, Karina"]
[Black "Chu, Ruotong"]
[Result "1-0"]
[WhiteTitle "IM"]
[BlackTitle "WIM"]
[WhiteElo "2417"]
[BlackElo "2207"]
[WhiteFideId "1122681"]
[BlackFideId "8605653"]
[EventDate "2021.06.06"]

1. d4 d5 2. c4 dxc4 3. e3 Nf6 4. Bxc4 e6 5. Nf3 a6 6. O-O c5 7. a3 Nc6 8. Nc3
Be7 9. Qe2 cxd4 10. exd4 Nxd4 11. Nxd4 Qxd4 12. Rd1 Qg4 13. f3 Qh5 14. Be3 O-O
15. b4 b5 16. Bd3 Bb7 17. Rac1 Rac8 18. Qf2 Nd5 19. Bd4 Nxc3 20. Bxc3 Rfd8 21.
Kh1 h6 22. Qe2 Bd6 23. h3 Qh4 24. Be1 1-0

[Event "Women's Speed Chess Q7"]
[Site "chess.com INT"]
[Date "2021.06.06"]
[Round "7"]
[White "Kashlinskaya, Alina"]
[Black "Papp, Petra"]
[Result "1-0"]
[WhiteTitle "IM"]
[BlackTitle "WGM"]
[WhiteElo "2494"]
[BlackElo "2336"]
[WhiteFideId "4198026"]
[BlackFideId "739049"]
[EventDate "2021.06.06"]

1. d4 Nf6 2. Bg5 g6 3. Bxf6 exf6 4. c4 d5 5. e3 Bg7 6. Nc3 dxc4 7. Bxc4 O-O 8.
h4 f5 9. h5 Nd7 10. Nf3 c5 11. dxc5 Qe7 12. Nd5 Qxc5 13. Rc1 Bxb2 14. Rc2 Qa5+
15. Kf1 Bg7 16. hxg6 Nf6 17. Ne7+ Kh8 18. Ng5 Qe5 19. Qd8 Be6 20. Bxe6 Raxd8 21.
gxf7 f4 22. Ng6# 1-0

[Event "Women's Speed Chess Q7"]
[Site "chess.com INT"]
[Date "2021.06.06"]
[Round "7"]
[White "Babiy, Olga"]
[Black "Jakubowska, Anna"]
[Result "0-1"]
[WhiteTitle "WGM"]
[BlackTitle "WIM"]
[WhiteElo "2280"]
[BlackElo "2073"]
[WhiteFideId "14117258"]
[BlackFideId "1121952"]
[EventDate "2021.06.06"]

1. d4 d5 2. Bf4 Nf6 3. Nf3 e6 4. e3 Bd6 5. Nbd2 O-O 6. Bd3 Bxf4 7. exf4 b6 8.
O-O Bb7 9. Re1 c5 10. c3 Nc6 11. dxc5 bxc5 12. Ne5 d4 13. Ne4 Nxe5 14. Nxf6+
Qxf6 15. fxe5 Qg5 16. Be4 Bxe4 17. Rxe4 Rfd8 18. cxd4 cxd4 19. Rxd4 h6 20. f4
Qe7 21. h3 Qc5 22. Kh1 Qxd4 23. Qf3 Qd3 24. Qb7 Qd5 25. Qe7 Rd7 26. Qh4 Rc8 27.
Rf1 Rc2 28. Qg3 Qd3 29. Rf3 Rc1+ 30. Kh2 Qd1 31. Qf2 Rd2 32. Qxa7 Qh1+ 0-1

[Event "Women's Speed Chess Q7"]
[Site "chess.com INT"]
[Date "2021.06.06"]
[Round "7"]
[White "Selkirk, Rebecca"]
[Black "Obregon Garcia, Roxangel"]
[Result "0-1"]
[WhiteTitle "WCM"]
[BlackTitle "WIM"]
[WhiteElo "1799"]
[BlackElo "2167"]
[WhiteFideId "14306514"]
[BlackFideId "3520420"]
[EventDate "2021.06.06"]

1. e4 c5 2. Nf3 Nc6 3. d4 cxd4 4. Nxd4 Nf6 5. Nc3 e6 6. Bg5 Bb4 7. Nb5 Qa5 8.
Nd6+ Bxd6 9. Qxd6 Qxg5 10. Nb5 Nxe4 11. Nc7+ Kd8 12. Nxe6+ fxe6 13. Qd3 d5 14.
Be2 Rf8 15. O-O Bd7 16. f4 Qg6 17. f5 Rxf5 18. Rxf5 Qxf5 19. Rf1 Qg5 20. Rf8+
Kc7 21. Rf1 Re8 22. c4 Ne5 23. Qc2 Qe3+ 24. Kh1 Nf2+ 25. Rxf2 Qxf2 26. cxd5+ Kb8
27. d6 Qe1+ 28. Bf1 Qxf1# 0-1

[Event "Women's Speed Chess Q7"]
[Site "chess.com INT"]
[Date "2021.06.06"]
[Round "7"]
[White "Kanyamarala, Trisha"]
[Black "Pandey, Srishti"]
[Result "1-0"]
[WhiteTitle "WIM"]
[BlackTitle "WFM"]
[WhiteElo "2180"]
[BlackElo "2026"]
[WhiteFideId "45004722"]
[BlackFideId "35093290"]
[EventDate "2021.06.06"]

1. e4 e6 2. d4 d5 3. exd5 exd5 4. Bd3 Bd6 5. c3 Nc6 6. h3 Nge7 7. Ne2 Bf5 8. O-O
Qd7 9. Be3 O-O-O 10. Bf4 g5 11. Bxd6 Qxd6 12. Ng3 Bg6 13. Na3 f5 14. Nb5 Qf6 15.
f4 a6 16. Na3 gxf4 17. Rxf4 Qg5 18. Qf3 Rhf8 19. Rf1 Kb8 20. Nxf5 Bxf5 21. Bxf5
Rxf5 22. Rxf5 Nxf5 23. Qxf5 Qd2 24. Rf2 Qc1+ 25. Kh2 Rg8 26. Qxd5 Rg6 27. Qc5 b6
28. Qd5 Qe3 29. Qf3 Qe7 30. Nc4 Qg5 31. Qe4 Qg3+ 32. Kg1 Ka7 33. Rf8 h5 34. Ne5
Nxe5 35. Qa8# 1-0

[Event "Women's Speed Chess Q7"]
[Site "chess.com INT"]
[Date "2021.06.06"]
[Round "7"]
[White "Gunina, Valentina"]
[Black "Avramidou, Anastasia"]
[Result "1/2-1/2"]
[WhiteTitle "GM"]
[BlackTitle "FM"]
[WhiteElo "2436"]
[BlackElo "2238"]
[WhiteFideId "4167570"]
[BlackFideId "4239873"]
[EventDate "2021.06.06"]

1. d4 Nf6 2. c4 g6 3. Nf3 Bg7 4. g3 d5 5. Bg2 O-O 6. cxd5 Nxd5 7. O-O Nc6 8. Nc3
Nxc3 9. bxc3 e5 10. d5 Na5 11. Ba3 Re8 12. Nd2 f5 13. e4 f4 14. Bb4 b6 15. Bxa5
bxa5 16. Qa4 Bg4 17. Qxa5 Rf8 18. f3 Bd7 19. Nc4 fxg3 20. hxg3 h5 21. Rad1 Qg5
22. Qxc7 Rf7 23. Nd6 Re7 24. f4 Qxg3 25. Rf3 Qg4 26. f5 gxf5 27. Nxf5 Bxf5 28.
Qxe7 Bxe4 29. Rdf1 Bxf3 30. Rxf3 Rf8 31. Rxf8+ Bxf8 32. Qxe5 Bc5+ 33. Kh2 Qh4+
34. Bh3 Qf2+ 35. Bg2 Qh4+ 36. Bh3 Qf2+ 37. Bg2 Qh4+ 1/2-1/2

[Event "Women's Speed Chess Q7"]
[Site "chess.com INT"]
[Date "2021.06.06"]
[Round "7"]
[White "Zaksaite, Salomeja"]
[Black "Grineva, Marianna"]
[Result "0-1"]
[WhiteTitle "WIM"]
[BlackTitle "WFM"]
[WhiteElo "2202"]
[BlackElo "2029"]
[WhiteFideId "12801496"]
[BlackFideId "14102013"]
[EventDate "2021.06.06"]

1. g3 b6 2. Bg2 c6 3. b3 d5 4. Bb2 Bb7 5. e3 Nf6 6. Ne2 Nbd7 7. d3 e5 8. Nd2 Bd6
9. O-O O-O 10. h3 Re8 11. a3 Qe7 12. g4 a5 13. Ng3 g6 14. g5 Nh5 15. Nxh5 gxh5
16. Qxh5 Nf8 17. Nf3 Qe6 18. Nh4 Ng6 19. Bc1 Bf8 20. e4 dxe4 21. dxe4 Bg7 22.
Nf5 Rad8 23. Nxg7 Kxg7 24. Qh6+ Kg8 25. h4 Qg4 26. f3 Qg3 27. Be3 Ba6 28. Rf2
Nf4 29. Bxf4 exf4 30. h5 Re6 31. g6 fxg6 32. hxg6 Rxg6 33. Qh2 Rd7 34. Qxg3 Rxg3 0-1

[Event "Women's Speed Chess Q7"]
[Site "chess.com INT"]
[Date "2021.06.06"]
[Round "7"]
[White "Belenkaya, Dina"]
[Black "Tokhirjonova, Gulrukhbegim"]
[Result "0-1"]
[WhiteTitle "WGM"]
[BlackTitle "WGM"]
[WhiteElo "2341"]
[BlackElo "2344"]
[WhiteFideId "24142654"]
[BlackFideId "14203626"]
[EventDate "2021.06.06"]

1. e4 e5 2. Nf3 Nc6 3. Bb5 a6 4. Ba4 Nf6 5. d3 b5 6. Bb3 Bc5 7. O-O d6 8. c3 Ba7
9. Bg5 h6 10. Bxf6 Qxf6 11. Nbd2 O-O 12. Bd5 Bd7 13. a4 Bb6 14. Ne1 Rae8 15. Nc2
Ne7 16. axb5 axb5 17. Ne3 c6 18. Bb3 Ng6 19. Ra6 Rb8 20. g3 Bc8 21. Ra2 Bh3 22.
Re1 Kh8 23. Qf3 Qg5 24. Nf5 d5 25. Rd1 Rbd8 26. Nf1 dxe4 27. dxe4 Rxd1 28. Bxd1
Ne7 29. Nxe7 Qxe7 30. Bb3 f5 31. Qe2 f4 32. Kh1 fxg3 33. Nxg3 Rxf2 34. Qh5 Bg2+
35. Kg1 Rf5+ 0-1

[Event "Women's Speed Chess Q7"]
[Site "chess.com INT"]
[Date "2021.06.06"]
[Round "7"]
[White "Arabidze, Meri"]
[Black "Koridze, Lile"]
[Result "1-0"]
[WhiteTitle "IM"]
[BlackTitle "WFM"]
[WhiteElo "2432"]
[BlackElo "2016"]
[WhiteFideId "13604040"]
[BlackFideId "13612514"]
[EventDate "2021.06.06"]

1. Nf3 Nf6 2. e3 d5 3. b3 c6 4. Bb2 Bg4 5. Be2 e6 6. c4 Bd6 7. h3 Bh5 8. d4 O-O
9. Nbd2 Nbd7 10. O-O Qe7 11. Ne5 Bxe2 12. Qxe2 Ne4 13. Rad1 f5 14. Ndf3 Ndf6 15.
Qc2 Rac8 16. c5 Bb8 17. b4 Nh5 18. Ne1 f4 19. exf4 Nxf4 20. N1d3 Qg5 21. Nxf4
Rxf4 22. f3 Ng3 23. Rfe1 Nf5 24. Bc1 Bc7 25. Bxf4 Qxf4 26. Qd2 Qh4 27. Qf2 Qg5
28. f4 Qf6 29. g4 Ne7 30. Re2 Qf8 31. Rde1 Re8 32. Nd7 Qf6 33. Rxe6 Qf7 34. f5
h6 35. Ne5 Qf8 36. Ng6 1-0